000 00523nam a2200169Ia 4500
008 090201s9999 xx 000 0 und d
010 _aKPL-37128
040 _bमराठी
041 _aमराठी
082 _a13619
_b37128
100 _aबियन चव्हाण
245 _aकॅप्टन हरवला
_cबियन चव्हाण
260 _c2004
_bसरस प्रकाशन
300 _a207
_bमोठा
600 _aकॅप्टन हरवला
942 _cBOOK
999 _c213814
_d213814